Drinking water and food security in hard rock areas of India : (Record no. 39425)
[ view plain ]
| 000 -LEADER | |
|---|---|
| fixed length control field | 00865nam a22002177a 4500 |
| 005 - DATE AND TIME OF LATEST TRANSACTION | |
| control field | 2010080505295.0 |
| 010 ## - LCCN (DPL NO) | |
| LC control number | ENG-98198 |
| 020 ## - INTERNATIONAL STANDARD BOOK NUMBER | |
| International Standard Book Number | 9788185867878 |
| Terms of availability | 100.00 |
| 035 ## - SYSTEM CONTROL NUMBER | |
| System control number | EN-81731 |
| 037 ## - SOURCE OF ACQUISITION | |
| Source of stock number/acquisition | DBAD/PUB |
| 082 ## - DEWEY DECIMAL CLASSIFICATION NUMBER | |
| Classification number | 553.7 |
| 245 ## - TITLE STATEMENT | |
| Title | Drinking water and food security in hard rock areas of India : |
| Remainder of title | golden jublee volume / |
| Statement of responsibility, etc | edited by Subhajyoti Das |
| 260 ## - PUBLICATION, DISTRIBUTION, ETC. (IMPRINT) | |
| Place of publication, distribution, etc | Banglore |
| Name of publisher, distributor, etc | Geological Society of India |
| Date of publication, distribution, etc | 2008 |
| 270 ## - ADDRESS | |
| Address | No. 117/19, Cauverynagar Main Road BSK III Stage |
| City | Bangalore- |
| Postal code | 560085 |
| 300 ## - PHYSICAL DESCRIPTION | |
| Extent | xxiii, 263 p. : |
| Other physical details | 28cm (pbk) |
| Dimensions | ill |
| 650 ## - SUBJECT ADDED ENTRY--TOPICAL TERM | |
| Topical term or geographic name as entry element | Water |
| 650 ## - SUBJECT ADDED ENTRY--TOPICAL TERM | |
| Topical term or geographic name as entry element | Water management |
| 700 ## - ADDED ENTRY--PERSONAL NAME | |
| Personal name | Das, Subhajyoti |
| 9 (RLIN) | 6809 |
| 942 ## - ADDED ENTRY ELEMENTS (KOHA) | |
| Source of classification or shelving scheme | Dewey Decimal Classification |
| Item type | English Books |
| Classification part | 553.7 |
| Call number suffix | GOL |
| Withdrawn status | Lost status | Not for loan | Collection code | Home library | Current library | Date acquired | Source of acquisition | Cost, normal purchase price | Full call number | Barcode | Copy number | Cost, replacement price | Koha item type |
|---|---|---|---|---|---|---|---|---|---|---|---|---|---|
| Not For Loan | Non-fiction | D.B.Act.Division | D.B.Act.Division | 05/08/2010 | DBAD/PUB | 100.00 | 553.7 GOL | EN-81731 | 1 | 100.00 | English Books |
